00830nam a2200205 a 450000100100000000500170001000800410002704000250006808200160009311000710010924501000018024600970028026000390037730000210041649000200043783000270045704900090048495201140049399900170060700001418120200929163517.0091207s19uu dr 001 0 spa d aDO-SdBNPbspacBNPHU axxxxbR426a1 aRepública DominicanabOricina Nacional de Planificación93204210aApuntes para el desarrollo de una estrategía global de empleo en la República Dominicana /.14aApuntes para el desarrollo de una estrategía global de empleo en la República Dominicana aSanto Domingo :bONAPLAN,c[199?]. a147 p. ;c28 cm.1 aPlandesvno. 27 0aPlandesvno. 27932041 aBNPD 0010718PDaPDbPDcCTd2009-12-07iLF1l0oxxxx R426ap14181-10r2020-06-25w2020-06-25yLFPDZNo se presta c13782d13782